[Event "Lozovatsky memorial 2018"]
[Site "?"]
[Date "2018.01.14"]
[Round "7.2"]
[White "Sitnikov, Anton"]
[Black "Simantsev, Mikhail"]
[Result "1-0"]
[BlackElo "2495"]
[WhiteElo "2451"]
[LiveChessVersion "1.4.8"]

1. e4 {[%clk 1:27:52]} e5 {[%clk 1:30:25]} 2. Nf3 {[%clk 1:26:34]} Nc6
{[%clk 1:27:31]} 3. Bc4 {[%clk 1:26:57]} Bc5 {[%clk 1:27:58]} 4. O-O
{[%clk 1:27:15]} Nf6 {[%clk 1:28:17]} 5. d3 {[%clk 1:27:11]} a6 {[%clk 1:28:21]}
6. c3 {[%clk 1:21:29]} d6 {[%clk 1:27:33]} 7. a4 {[%clk 1:19:21]} Ba7
{[%clk 1:27:06]} 8. Nbd2 {[%clk 1:19:19]} O-O {[%clk 1:27:23]} 9. h3
{[%clk 1:18:49]} h6 {[%clk 1:27:28]} 10. Re1 {[%clk 1:18:20]} Re8
{[%clk 1:25:40]} 11. Bb3 {[%clk 1:04:03]} Be6 {[%clk 1:24:41]} 12. Bc2
{[%clk 1:04:24]} Qd7 {[%clk 1:21:01]} 13. Nf1 {[%clk 1:02:15]} d5
{[%clk 1:15:15]} 14. exd5 {[%clk 0:45:05]} Bxd5 {[%clk 1:10:43]} 15. a5
{[%clk 0:15:16]} Rad8 {[%clk 0:59:06]} 16. Ng3 {[%clk 0:02:59]} Qe6
{[%clk 0:17:31]} 17. Nh4 {[%clk 0:02:46]} Qd7 {[%clk 0:04:02]} 18. Nhf5
{[%clk 0:02:36]} Bc5 {[%clk 0:04:04]} 19. Ra4 {[%clk 0:00:39]} Bf8
{[%clk 0:04:18]} 20. Ne3 {[%clk 0:00:34]} Be6 {[%clk 0:04:38]} 21. Qf3
{[%clk 0:00:53]} Nd5 {[%clk 0:01:48]} 22. Nef5 {[%clk 0:01:07]} Nde7
{[%clk 0:02:08]} 23. Nxe7+ {[%clk 0:00:32]} Rxe7 {[%clk 0:02:17]} 24. Rh4
{[%clk 0:00:34]} f5 {[%clk 0:01:35]} 25. b4 {[%clk 0:00:32]} Rf7 {[%clk 0:01:51]}
26. Qh5 {[%clk 0:00:32]} Rf6 {[%clk 0:01:48]} 27. f4 {[%clk 0:00:45]} Bd6
{[%clk 0:01:15]} 28. Ne2 {[%clk 0:00:32]} Bf7 {[%clk 0:00:46]} 29. Qf3
{[%clk 0:00:58]} exf4 {[%clk 0:00:46]} 30. Bxf4 {[%clk 0:00:39]} Bxf4
{[%clk 0:00:35]} 31. Rxf4 {[%clk 0:01:07]} Ne5 {[%clk 0:00:41]} 32. Qf1
{[%clk 0:00:42]} g5 {[%clk 0:00:33]} 33. Rd4 {[%clk 0:01:05]} Qc8 34. Rxd8+
{[%clk 0:01:25]} Qxd8 {[%clk 0:01:02]} 35. Nd4 {[%clk 0:01:00]} Ng6
{[%clk 0:01:15]} 36. Nxf5 {[%clk 0:01:19]} Nf4 {[%clk 0:00:46]} 37. d4
{[%clk 0:01:32]} Be6 {[%clk 0:00:41]} 38. Re5 {[%clk 0:01:21]} Bxf5
{[%clk 0:00:42]} 39. Bxf5 {[%clk 0:01:07]} Ng6 {[%clk 0:00:33]} 40. Qc4+
{[%clk 0:01:05]} Kg7 {[%clk 0:01:02]} 41. Rd5 {[%clk 0:00:37]} Rd6
{[%clk 0:00:52]} 42. Rxd6 {[%clk 0:00:56]} Qxd6 {[%clk 0:00:51]} 43. Qe6
{[%clk 0:01:09]} Ne7 {[%clk 0:00:34]} 44. Qxd6 {[%clk 0:00:58]} cxd6
{[%clk 0:01:03]} 45. Bd7 {[%clk 0:00:44]} d5 {[%clk 0:00:42]} 46. Kf2
{[%clk 0:00:50]} Kf6 {[%clk 0:01:09]} 47. Ke3 {[%clk 0:00:35]} h5
{[%clk 0:00:37]} 48. Kd3 {[%clk 0:00:56]} Nc6 {[%clk 0:00:00]} 1-0

[Event "Lozovatsky memorial 2018"]
[Site "?"]
[Date "2018.01.14"]
[Round "7.3"]
[White "Gutenev, Alexander"]
[Black "Fakhrutdinov, Timur"]
[Result "1/2-1/2"]
[BlackElo "2417"]
[WhiteElo "2485"]
[LiveChessVersion "1.4.8"]

1. e4 {[%clk 1:23:56]} e5 {[%clk 1:30:54]} 2. Nf3 {[%clk 1:24:19]} Nc6
{[%clk 1:31:18]} 3. Bb5 {[%clk 1:24:44]} Nf6 {[%clk 1:31:43]} 4. O-O
{[%clk 1:23:51]} Nxe4 {[%clk 1:32:06]} 5. Re1 {[%clk 1:24:05]} Nd6
{[%clk 1:32:29]} 6. Nxe5 {[%clk 1:24:30]} Nxe5 {[%clk 1:32:32]} 7. Rxe5+
{[%clk 1:24:54]} Be7 {[%clk 1:32:59]} 8. Bf1 {[%clk 1:25:01]} O-O
{[%clk 1:33:16]} 9. Nc3 {[%clk 1:25:19]} Ne8 {[%clk 1:29:12]} 10. Nd5
{[%clk 1:25:28]} Bd6 {[%clk 1:28:38]} 11. Re1 {[%clk 1:25:52]} c6
{[%clk 1:28:08]} 12. Ne3 {[%clk 1:26:18]} Bc7 {[%clk 1:27:11]} 13. Nf5
{[%clk 1:26:41]} d5 {[%clk 1:27:18]} 14. Ne7+ {[%clk 1:27:07]} Kh8
{[%clk 1:27:44]} 15. Nxc8 {[%clk 1:27:29]} Rxc8 {[%clk 1:27:43]} 16. d3
{[%clk 1:27:53]} f5 {[%clk 1:26:43]} 17. Qh5 {[%clk 1:18:28]} Qd7
{[%clk 1:14:14]} 18. Qh4 {[%clk 1:09:13]} Nf6 {[%clk 0:54:36]} 19. Be2
{[%clk 0:58:50]} Rce8 {[%clk 0:53:25]} 20. Bd2 {[%clk 0:57:29]} Bd8
{[%clk 0:49:37]} 21. Qg3 {[%clk 0:54:47]} Bc7 {[%clk 0:43:33]} 22. Qh4
{[%clk 0:54:53]} Bd8 {[%clk 0:41:26]} 23. Qg3 {[%clk 0:47:37]} Bc7
{[%clk 0:16:36]} 1/2-1/2

[Event "Lozovatsky memorial 2018"]
[Site "?"]
[Date "2018.01.14"]
[Round "7.4"]
[White "Kholopov, Alexander A"]
[Black "Kazantsev, Nikita"]
[Result "1-0"]
[BlackElo "2141"]
[WhiteElo "2305"]
[LiveChessVersion "1.4.8"]

1. d4 {[%clk 1:30:58]} Nf6 {[%clk 1:28:05]} 2. c4 {[%clk 1:31:11]} g6
{[%clk 1:28:32]} 3. Nc3 {[%clk 1:31:37]} Bg7 {[%clk 1:28:59]} 4. e4
{[%clk 1:32:02]} d6 {[%clk 1:29:24]} 5. Be2 {[%clk 1:31:39]} O-O {[%clk 1:29:45]}
6. Be3 {[%clk 1:32:00]} e5 {[%clk 1:29:35]} 7. d5 {[%clk 1:32:26]} Nbd7
{[%clk 1:24:47]} 8. g4 {[%clk 1:32:43]} Nc5 {[%clk 1:19:37]} 9. f3
{[%clk 1:33:01]} a5 {[%clk 1:17:23]} 10. h4 {[%clk 1:33:25]} Nfd7
{[%clk 1:08:43]} 11. h5 {[%clk 1:15:28]} Bf6 {[%clk 1:02:50]} 12. Qd2
{[%clk 1:15:10]} g5 {[%clk 0:52:00]} 13. h6 {[%clk 1:13:05]} Be7 {[%clk 0:52:27]}
14. Bd1 {[%clk 0:52:15]} f6 {[%clk 0:48:06]} 15. Nge2 {[%clk 0:49:54]} Nb6
{[%clk 0:47:11]} 16. b3 {[%clk 0:48:49]} Bd7 {[%clk 0:45:49]} 17. Ng3
{[%clk 0:45:14]} Rf7 {[%clk 0:42:49]} 18. Nf5 {[%clk 0:44:55]} Bxf5
{[%clk 0:41:25]} 19. exf5 {[%clk 0:44:55]} Bf8 {[%clk 0:39:14]} 20. Bc2
{[%clk 0:37:20]} Ncd7 {[%clk 0:27:31]} 21. Ne4 {[%clk 0:35:53]} Nc5
{[%clk 0:24:20]} 22. Nc3 {[%clk 0:35:10]} Ra6 {[%clk 0:18:12]} 23. Kf2
{[%clk 0:33:06]} Ncd7 {[%clk 0:14:55]} 24. Qe2 {[%clk 0:32:15]} Ra8
{[%clk 0:11:16]} 25. Rab1 {[%clk 0:30:29]} c5 {[%clk 0:08:01]} 26. dxc6
{[%clk 0:28:09]} bxc6 {[%clk 0:08:28]} 27. Be4 {[%clk 0:27:51]} Qc7
{[%clk 0:08:08]} 28. Kg2 {[%clk 0:27:45]} Rd8 {[%clk 0:05:17]} 29. a3
{[%clk 0:26:09]} Nc5 {[%clk 0:05:23]} 30. b4 {[%clk 0:26:11]} Nxe4
{[%clk 0:04:45]} 31. fxe4 {[%clk 0:26:30]} d5 {[%clk 0:02:45]} 32. Bxb6
{[%clk 0:21:27]} Qxb6 {[%clk 0:03:05]} 33. cxd5 {[%clk 0:21:51]} Qd4
{[%clk 0:03:19]} 34. Rbc1 {[%clk 0:20:35]} axb4 {[%clk 0:03:45]} 35. Rhd1
{[%clk 0:20:28]} Qb6 {[%clk 0:03:13]} 36. axb4 {[%clk 0:20:49]} Bxb4
{[%clk 0:02:50]} 37. dxc6 {[%clk 0:21:09]} Rxd1 {[%clk 0:02:22]} 38. Nxd1
{[%clk 0:21:18]} Rc7 {[%clk 0:01:04]} 39. Qc4+ {[%clk 0:20:47]} Kf8
{[%clk 0:01:32]} 40. Rb1 {[%clk 0:20:48]} Rxc6 {[%clk 0:00:55]} 41. Qxb4+
{[%clk 0:21:13]} Qxb4 {[%clk 0:01:22]} 42. Rxb4 {[%clk 0:21:37]} Rc2+
{[%clk 0:01:48]} 43. Kg3 {[%clk 0:18:14]} Rc1 {[%clk 0:01:35]} 44. Ne3
{[%clk 0:18:28]} Rh1 {[%clk 0:01:57]} 45. Rb8+ {[%clk 0:18:46]} Kf7
{[%clk 0:02:06]} 46. Rb7+ {[%clk 0:19:12]} Kg8 {[%clk 0:02:29]} 47. Nd5
{[%clk 0:17:29]} Rxh6 {[%clk 0:02:47]} 48. Kf2 {[%clk 0:17:32]} Kf8
{[%clk 0:02:58]} 49. Ke3 {[%clk 0:17:53]} Rh3+ {[%clk 0:03:13]} 50. Kd2
{[%clk 0:18:18]} h5 {[%clk 0:02:50]} 51. Nxf6 {[%clk 0:17:52]} hxg4
{[%clk 0:03:01]} 52. Nh7+ {[%clk 0:17:58]} Kg8 {[%clk 0:02:49]} 53. Nxg5
{[%clk 0:18:22]} Rh2+ {[%clk 0:01:55]} 54. Ke3 {[%clk 0:18:40]} g3
{[%clk 0:01:37]} 55. f6 {[%clk 0:18:59]} g2 {[%clk 0:01:41]} 56. Rf7 1-0

[Event "Lozovatsky memorial 2018"]
[Site "?"]
[Date "2018.01.14"]
[Round "7.5"]
[White "Remizov, Yaroslav"]
[Black "Chos, Alexey"]
[Result "1-0"]
[BlackElo "2317"]
[WhiteElo "2322"]
[LiveChessVersion "1.4.8"]

1. e4 {[%clk 1:30:59]} d5 {[%clk 1:27:36]} 2. exd5 {[%clk 1:31:17]} Nf6
{[%clk 1:28:01]} 3. d4 {[%clk 1:31:38]} Qxd5 {[%clk 1:28:24]} 4. Nc3
{[%clk 1:30:00]} Qd6 {[%clk 1:28:45]} 5. Bc4 {[%clk 1:29:00]} a6 {[%clk 1:25:14]}
6. Nf3 {[%clk 1:25:26]} Nbd7 {[%clk 1:22:26]} 7. Qe2 {[%clk 1:16:05]} b5
{[%clk 1:21:30]} 8. Bb3 {[%clk 1:13:00]} Bb7 {[%clk 1:21:37]} 9. Ne5
{[%clk 1:11:58]} e6 {[%clk 1:19:02]} 10. Bf4 {[%clk 1:11:20]} Qb6
{[%clk 1:16:13]} 11. d5 {[%clk 1:07:25]} Nxe5 {[%clk 1:16:04]} 12. Bxe5
{[%clk 1:06:30]} O-O-O {[%clk 1:14:33]} 13. dxe6 {[%clk 1:04:59]} fxe6
{[%clk 1:14:44]} 14. Bxf6 {[%clk 1:04:29]} gxf6 {[%clk 1:15:10]} 15. Qxe6+
{[%clk 1:04:42]} Qxe6+ {[%clk 1:15:28]} 16. Bxe6+ {[%clk 1:05:11]} Kb8
{[%clk 1:15:41]} 17. O-O {[%clk 1:05:16]} b4 {[%clk 1:14:59]} 18. Na4
{[%clk 0:58:50]} Bc6 {[%clk 1:13:31]} 19. Bb3 {[%clk 0:59:00]} Bd6
{[%clk 1:11:25]} 20. c3 {[%clk 0:55:30]} Rhg8 {[%clk 1:11:41]} 21. g3
{[%clk 0:53:22]} Rg4 {[%clk 1:11:27]} 22. cxb4 {[%clk 0:48:37]} Rxb4
{[%clk 1:11:37]} 23. Nc3 {[%clk 0:48:46]} h5 {[%clk 1:10:50]} 24. Bd5
{[%clk 0:46:29]} Be8 {[%clk 1:10:06]} 25. a3 {[%clk 0:42:08]} Rb6
{[%clk 1:08:48]} 26. Bf3 {[%clk 0:39:20]} Be5 {[%clk 1:06:59]} 27. Rad1
{[%clk 0:36:47]} Rbd6 {[%clk 1:05:51]} 28. Rxd6 {[%clk 0:36:38]} cxd6
{[%clk 1:06:05]} 29. Rd1 {[%clk 0:28:49]} h4 {[%clk 1:03:43]} 30. gxh4
{[%clk 0:24:41]} Bf7 {[%clk 1:02:55]} 31. Nd5 {[%clk 0:22:50]} Rg8+
{[%clk 1:02:34]} 32. Kf1 {[%clk 0:22:23]} Rh8 {[%clk 1:02:40]} 33. Nb4
{[%clk 0:22:01]} Bxh2 {[%clk 0:54:47]} 34. Nxa6+ {[%clk 0:20:42]} Ka7
{[%clk 0:55:01]} 35. Nc7 {[%clk 0:20:44]} Kb6 {[%clk 0:51:05]} 36. Rc1
{[%clk 0:18:45]} Rxh4 {[%clk 0:50:22]} 37. Rc6+ {[%clk 0:15:05]} Ka7
{[%clk 0:50:47]} 38. Nb5+ {[%clk 0:14:46]} Kb8 {[%clk 0:51:09]} 39. Rb6+
{[%clk 0:14:28]} Kc8 {[%clk 0:51:12]} 40. Nxd6+ {[%clk 0:14:51]} Bxd6
{[%clk 0:51:33]} 41. Rxd6 {[%clk 0:15:20]} Rf4 {[%clk 0:51:40]} 42. Kg2
{[%clk 0:14:13]} Kc7 {[%clk 0:52:04]} 43. Ra6 {[%clk 0:14:38]} Bc4
{[%clk 0:52:22]} 44. Rc6+ {[%clk 0:15:05]} Kd7 {[%clk 0:52:45]} 45. Rb6
{[%clk 0:15:09]} Be6 {[%clk 0:52:44]} 46. b4 {[%clk 0:13:16]} Kc7
{[%clk 0:52:45]} 47. Rxe6 {[%clk 0:13:42]} Kd7 {[%clk 0:52:54]} 48. Re4
{[%clk 0:14:08]} Kc7 1-0

[Event "Lozovatsky memorial 2018"]
[Site "?"]
[Date "2018.01.14"]
[Round "7.6"]
[White "Tologontegin, Semetey"]
[Black "Radzhabov, Rodion"]
[Result "1-0"]
[BlackElo "2314"]
[WhiteElo "2409"]
[LiveChessVersion "1.4.8"]

1. e4 {[%clk 1:27:58]} c5 {[%clk 1:28:54]} 2. Be2 {[%clk 1:28:18]} Nc6
{[%clk 1:28:41]} 3. f4 {[%clk 1:28:29]} d6 {[%clk 1:27:56]} 4. Nf3
{[%clk 1:28:35]} g6 {[%clk 1:27:58]} 5. O-O {[%clk 1:28:14]} Bg7 {[%clk 1:28:13]}
6. c3 {[%clk 1:28:29]} Nf6 {[%clk 1:23:43]} 7. d3 {[%clk 1:28:34]} O-O
{[%clk 1:19:36]} 8. Kh1 {[%clk 1:28:03]} b5 {[%clk 1:14:38]} 9. a3
{[%clk 1:24:22]} Bb7 {[%clk 1:01:50]} 10. Be3 {[%clk 1:23:18]} Rc8
{[%clk 0:56:44]} 11. Nbd2 {[%clk 1:23:02]} e6 {[%clk 0:52:48]} 12. Rc1
{[%clk 1:09:07]} Qe7 {[%clk 0:43:33]} 13. b4 {[%clk 0:55:35]} cxb4
{[%clk 0:37:46]} 14. axb4 {[%clk 0:34:02]} Rfd8 {[%clk 0:33:32]} 15. Qb3
{[%clk 0:33:44]} Nb8 {[%clk 0:26:36]} 16. Bxa7 {[%clk 0:19:53]} Bxe4
{[%clk 0:25:05]} 17. Bb6 {[%clk 0:20:16]} Bxf3 {[%clk 0:25:21]} 18. Bxf3
{[%clk 0:18:11]} Re8 {[%clk 0:23:30]} 19. c4 {[%clk 0:17:30]} Nfd7
{[%clk 0:22:24]} 20. Bg1 {[%clk 0:15:42]} bxc4 {[%clk 0:22:24]} 21. dxc4
{[%clk 0:15:42]} Nc6 {[%clk 0:22:24]} 22. Qb1 {[%clk 0:15:42]} Nd4
{[%clk 0:22:24]} 23. Bd1 {[%clk 0:15:42]} Rb8 {[%clk 0:22:24]} 24. Nf3
{[%clk 0:15:42]} Nc6 {[%clk 0:22:24]} 25. b5 {[%clk 0:15:42]} Nc5
{[%clk 0:22:24]} 26. Qc2 {[%clk 0:15:42]} Nb4 {[%clk 0:22:24]} 27. Qd2
{[%clk 0:15:42]} Nbd3 {[%clk 0:22:24]} 28. Qc2 {[%clk 0:15:42]} Nb4
{[%clk 0:22:24]} 29. Qd2 {[%clk 0:15:42]} Nc6 {[%clk 0:15:27]} 30. Qc2
{[%clk 0:05:24]} Nb4 {[%clk 0:14:06]} 31. Qd2 {[%clk 0:05:15]} Nbd3
{[%clk 0:14:28]} 32. Rb1 {[%clk 0:04:27]} e5 {[%clk 0:14:28]} 33. fxe5
{[%clk 0:04:27]} dxe5 {[%clk 0:14:28]} 34. Bc2 {[%clk 0:04:03]} e4
{[%clk 0:13:27]} 35. Bxd3 {[%clk 0:03:57]} Nxd3 {[%clk 0:13:35]} 36. Nd4
{[%clk 0:03:22]} Qd7 {[%clk 0:12:46]} 37. Nc6 {[%clk 0:03:37]} Ra8
{[%clk 0:13:06]} 38. Nb4 {[%clk 0:03:14]} Ra3 {[%clk 0:06:13]} 39. Nd5
{[%clk 0:02:15]} f5 {[%clk 0:06:28]} 40. b6 {[%clk 0:02:26]} Be5 {[%clk 0:03:40]}
41. Rb5 {[%clk 0:01:23]} Qb7 {[%clk 0:04:05]} 42. Qc2 {[%clk 0:01:19]} Rea8
{[%clk 0:03:24]} 43. Rfb1 {[%clk 0:01:09]} Ra2 {[%clk 0:03:24]} 44. Qb3
{[%clk 0:01:00]} R8a3 {[%clk 0:02:43]} 45. Qd1 {[%clk 0:01:29]} Ra4
{[%clk 0:01:18]} 46. Nb4 {[%clk 0:00:35]} Rxb4 {[%clk 0:01:16]} 47. R1xb4
{[%clk 0:00:44]} e3 {[%clk 0:00:54]} 48. Rd5 {[%clk 0:00:57]} e2 {[%clk 0:00:39]}
49. Qxd3 {[%clk 0:01:18]} e1=Q {[%clk 0:00:56]} 50. Rb1 {[%clk 0:00:33]} Qe4
{[%clk 0:00:56]} 51. Qxe4 {[%clk 0:00:48]} fxe4 {[%clk 0:01:19]} 52. Rxe5
{[%clk 0:01:15]} e3 {[%clk 0:01:28]} 53. Rd5 {[%clk 0:00:57]} e2 {[%clk 0:01:05]}
54. Re1 {[%clk 0:01:16]} Rc2 {[%clk 0:00:45]} 55. Re5 {[%clk 0:00:38]} Rxc4
{[%clk 0:00:34]} 56. R5xe2 {[%clk 0:00:59]} Rc8 {[%clk 0:00:49]} 57. Re7
{[%clk 0:01:12]} Qc6 {[%clk 0:01:03]} 58. Bd4 {[%clk 0:00:35]} Rd8
{[%clk 0:00:51]} 59. b7 {[%clk 0:00:40]} Kf8 {[%clk 0:00:31]} 60. Rxh7
{[%clk 0:00:53]} 1-0

[Event "Lozovatsky memorial 2018"]
[Site "?"]
[Date "2018.01.14"]
[Round "7.7"]
[White "Gnusarev, Pavel"]
[Black "Matsenko, Andrei"]
[Result "0-1"]
[BlackElo "2285"]
[WhiteElo "2294"]
[LiveChessVersion "1.4.8"]

1. d4 {[%clk 1:29:00]} Nf6 {[%clk 1:30:56]} 2. c4 {[%clk 1:28:48]} e6
{[%clk 1:31:12]} 3. Nc3 {[%clk 1:27:39]} Bb4 {[%clk 1:30:54]} 4. f3
{[%clk 1:24:02]} c5 {[%clk 1:26:41]} 5. d5 {[%clk 1:23:05]} b5 {[%clk 1:20:54]}
6. e4 {[%clk 1:21:07]} exd5 {[%clk 1:11:18]} 7. cxd5 {[%clk 1:11:16]} c4
{[%clk 1:08:30]} 8. Nge2 {[%clk 1:01:04]} O-O {[%clk 1:03:27]} 9. Nd4
{[%clk 0:56:38]} Nxe4 {[%clk 0:45:40]} 10. fxe4 {[%clk 0:48:43]} Qh4+
{[%clk 0:45:22]} 11. Ke2 {[%clk 0:15:08]} Bxc3 {[%clk 0:42:46]} 12. bxc3
{[%clk 0:13:47]} Qxe4+ {[%clk 0:42:59]} 13. Kf2 {[%clk 0:09:45]} Qxd5
{[%clk 0:30:21]} 14. Be2 {[%clk 0:03:31]} Nc6 {[%clk 0:27:44]} 15. Bf3
{[%clk 0:02:11]} Qe5 {[%clk 0:26:54]} 16. g3 {[%clk 0:00:39]} Bb7
{[%clk 0:26:33]} 17. Bf4 {[%clk 0:00:36]} Qc5 {[%clk 0:26:53]} 18. Re1
{[%clk 0:00:32]} b4 {[%clk 0:26:28]} 19. Be3 {[%clk 0:00:31]} Qa5
{[%clk 0:24:51]} 20. Nxc6 {[%clk 0:00:00]} 0-1

[Event "Lozovatsky memorial 2018"]
[Site "?"]
[Date "2018.01.14"]
[Round "7.8"]
[White "Frolov, Ivan"]
[Black "Mischuk, Dmitry"]
[Result "0-1"]
[BlackElo "2382"]
[WhiteElo "2286"]
[LiveChessVersion "1.4.8"]

1. e4 {[%clk 1:25:08]} e5 {[%clk 1:30:10]} 2. Nf3 {[%clk 1:25:08]} Nc6
{[%clk 1:30:34]} 3. Bb5 {[%clk 1:25:34]} a6 {[%clk 1:31:01]} 4. Ba4
{[%clk 1:26:00]} Nf6 {[%clk 1:31:26]} 5. Nc3 {[%clk 1:26:27]} Bc5
{[%clk 1:29:58]} 6. O-O {[%clk 1:25:41]} b5 {[%clk 1:27:21]} 7. Bb3
{[%clk 1:26:01]} O-O {[%clk 1:27:36]} 8. Nxe5 {[%clk 1:23:48]} Nxe5
{[%clk 1:27:12]} 9. d4 {[%clk 1:24:14]} Bxd4 {[%clk 1:19:53]} 10. Qxd4
{[%clk 1:22:49]} d6 {[%clk 1:20:18]} 11. Qd1 {[%clk 1:14:45]} Bb7
{[%clk 1:17:47]} 12. Bg5 {[%clk 1:12:44]} h6 {[%clk 1:17:24]} 13. Bh4
{[%clk 1:11:12]} Ng6 {[%clk 1:17:40]} 14. Bg3 {[%clk 1:07:10]} Bxe4
{[%clk 1:09:58]} 15. a4 {[%clk 1:04:28]} Bc6 {[%clk 1:07:16]} 16. axb5
{[%clk 1:03:29]} axb5 {[%clk 1:07:36]} 17. Qd3 {[%clk 1:03:45]} b4
{[%clk 1:02:29]} 18. Qxg6 {[%clk 0:57:06]} Rxa1 {[%clk 1:01:45]} 19. Rxa1
{[%clk 0:57:22]} bxc3 {[%clk 1:02:13]} 20. bxc3 {[%clk 0:57:11]} Be4
{[%clk 1:02:36]} 0-1